Enterprise Computing with Objects : from Client/Server Environments to the Internet /

Enregistré dans:
Détails bibliographiques
Auteurs principaux: Shan, Yen-Ping (Auteur), Earle, Ralph H. (Auteur)
Format: Livre
Langue:anglais
Publié: Addison Wesley Longman, Inc., 1998
Sujets:
Tags: Ajouter un tag
Pas de tags, Soyez le premier à ajouter un tag!

MARC

LEADER 00000nam a22000003a 4500
001 0075889
003 SK-STU
005 20190920101928.2
007 ta
008 190920s ----xo-----e------000-0-----d
020 |a 0-201-32566-7 
040 |a STU  |b slo 
041 0 |a eng 
044 |a xxu 
100 1 |a Shan, Yen-Ping  |4 aut  |r Z6 
245 1 0 |a Enterprise Computing with Objects :  |b from Client/Server Environments to the Internet /  |c aut. Yen-Ping Shan, Ralph H Earle 
260 |b Addison Wesley Longman, Inc.,  |c 1998 
300 |a 414 s. 
650 0 7 |a klient/server systémy 
700 1 |a Earle, Ralph H.  |r Z6  |4 aut 
996 |c I*20SI13490  |l II680  |s A  |a 24  |w 0075889_0001